Government consults on EU rules on GMOs (Record no. 67862)

MARC details
000 -LEADER
fixed length control field 01048cam a2200205 4500
001 - CONTROL NUMBER
control field WB3730-30
008 - FIXED-LENGTH DATA ELEMENTS--GENERAL INFORMATION
fixed length control field 010801n2001 000 0 eng u
035 ## - SYSTEM CONTROL NUMBER
System control number (Sirsi) u113895
245 ## - TITLE STATEMENT
Title Government consults on EU rules on GMOs
260 ## - PUBLICATION, DISTRIBUTION, ETC.
Date of publication, distribution, etc. 2001
490 ## - SERIES STATEMENT
Series statement DEFRA News Release
Volume/sequential designation (72/01) 27 July 2001, (2)
520 ## - SUMMARY, ETC.
Summary, etc. Government is to consult the public on new EU rules governing GMOs. The EU directive, supported by the UK, will provide a stricter regime for control and release or marketing of GMOs such as GM crops, seeds or animal fodder. Copies are available from Directive 2001/18/EC Consultation, Biotechnology Safety Unit, DEFRA, Zone 3/E7, 123 Victoria Street, London, SW1E 6DE or by e-mail: [email protected]. Also on website http://www.defra.gov.uk/environment. Closing date for responses: 20 October 2001.
590 ## - LOCAL NOTE (RLIN)
Local note WB
650 ## - SUBJECT ADDED ENTRY--TOPICAL TERM
Topical term or geographic name entry element GENETICALLY MODIFIED ORGANISMS
650 ## - SUBJECT ADDED ENTRY--TOPICAL TERM
Topical term or geographic name entry element EUROPEAN DIRECTIVES
650 ## - SUBJECT ADDED ENTRY--TOPICAL TERM
Topical term or geographic name entry element GOVERNMENT POLICY
650 ## - SUBJECT ADDED ENTRY--TOPICAL TERM
Topical term or geographic name entry element PUBLIC CONSULTATIONS
690 ## - LOCAL SUBJECT ADDED ENTRY--TOPICAL TERM (OCLC, RLIN)
Topical term or geographic name as entry element Rural
9 (RLIN) 6268
942 ## - ADDED ENTRY ELEMENTS (KOHA)
Suppress in OPAC 0
Holdings
Withdrawn status Lost status Source of classification or shelving scheme Damaged status Not for loan Home library Current library Shelving location Date acquired Total Checkouts Full call number Barcode Date last seen Copy number Price effective from Koha item type
    Dewey Decimal Classification     London London News article 01/08/2001   WB3730-30 113895-1001 06/08/2019 1 06/08/2019 News article